Skip to main content
Your cart is empty.
Your lists
Log in to create your own lists
Your cookies
العربية
English
العربية
Home
Search
Advanced search
Authority search
About
The noble scholar, jurist, historian
His Excellency Dr. Abdul Wahhab bin Ibrahim Abu Sulaiman, may Allah have mercy on him.
He was born in Umm Al-Qura in the year 1356 AH.
Library catalog
Title
Author
Subject
ISBN
ISSN
Series
Call number
Log in to your account
×
Login:
Password:
Home
MARC view: التاريخ الهجري :
Normal view
MARC view
ISBD view
التاريخ الهجري : (Record no. 11301)
[
view plain
]
MARC details
000 -LEADER
fixed length control field
01054cam a22002531i 4500
003 - CONTROL NUMBER IDENTIFIER
control field
SA-RiAUC
005 - DATE AND TIME OF LATEST TRANSACTION
control field
20250830043423.0
008 - FIXED-LENGTH DATA ELEMENTS--GENERAL INFORMATION
fixed length control field
250830s2006 su g 00010 ara c
014 ## -
--
14204152491
020 ## - INTERNATIONAL STANDARD BOOK NUMBER
Canceled/invalid ISBN
996096583
040 ## - CATALOGING SOURCE
Original cataloging agency
SA-MdTU
Language of cataloging
ara
Transcribing agency
SA-RiAUC
Description conventions
rda
082 0# - DEWEY DECIMAL CLASSIFICATION NUMBER
Classification number
529، 321
Item number
ز ي د
082 04 - DEWEY DECIMAL CLASSIFICATION NUMBER
Classification number
529.321091761
Assigning agency
SA-RiAUC
100 1# - MAIN ENTRY--PERSONAL NAME
Personal name
الزيد، زيد بن عبد الكريم بن علي،
Dates associated with a name
1375 هجري-
Relator term
مؤلف.
245 12 - TITLE STATEMENT
Title
التاريخ الهجري :
Remainder of title
[أساسه، حكمه، مكانته عند الأمة الإسلامية، العداء له] /
Statement of responsibility, etc.
زيد بن عبد الكريم الزيد.
250 ## - EDITION STATEMENT
Edition statement
الطبعة الأولى.
264 #1 - PRODUCTION, PUBLICATION, DISTRIBUTION, MANUFACTURE, AND COPYRIGHT NOTICE
Place of production, publication, distribution, manufacture
الرياض :
Name of producer, publisher, distributor, manufacturer
دار إمام الدعوة،
Date of production, publication, distribution, manufacture, or copyright notice
2006
--
1426.
300 ## - PHYSICAL DESCRIPTION
Extent
80 صفحة ؛
Dimensions
24 سم
336 ## - CONTENT TYPE
Content type term
نص
Content type code
txt
Source
rdacontent
Materials specified
كتاب
337 ## - MEDIA TYPE
Media type term
بدون وسيط
Media type code
n
Source
rdamedia
338 ## - CARRIER TYPE
Carrier type term
مجلد
Carrier type code
nc
Source
rdacarrier
650 #7 - SUBJECT ADDED ENTRY--TOPICAL TERM
Topical term or geographic name entry element
التقويم الهجري
Geographic subdivision
البلاد الإسلامية
Source of heading or term
aucsh
949 ## - LOCAL PROCESSING INFORMATION (OCLC)
a
SA-JeALM
d
250830
u
khaled123
n
1
No items available.
Print
Add to your cart
(remove)
Save record
BIBTEX
Dublin Core
MARCXML
MARC (non-Unicode/MARC-8)
MARC (Unicode/UTF-8)
MARC (Unicode/UTF-8, Standard)
MODS (XML)
RIS
ISBD
More searches
Search for this title in:
Other Libraries (WorldCat)
Other Databases (Google Scholar)
Online Stores (Bookfinder.com)
Open Library (openlibrary.org)
Exporting to Dublin Core...
×
Simple DC-RDF
OAI-DC
SRW-DC